LEADER 01272nam 2200349Ia 450 001 996383766803316 005 20221107144053.0 035 $a(CKB)1000000000581640 035 $a(EEBO)2240850271 035 $a(UnM)9929091100971 035 $a(UnM)99899847 035 $a(EXLCZ)991000000000581640 100 $a19980723d1650 uy | 101 0 $aeng 135 $aurbn||||a|bb| 200 10$aStirling, 24 October, 1650. Ante-meridiem. A short warning, from the Commission of the Generall Assemblie; concerning the malignants now in arms$b[electronic resource] 210 $a[London $cs.n.$d1650] 215 $a4 p 300 $aPlace and date of publication from Wing. 300 $aSigned at end: A. Ker. 300 $aReproduction of original in the Folger Shakespeare Library, Washington, D.C.. 330 $aeebo-0055 607 $aScotland$xChurch history$y17th century$vEarly works to 1800 701 $aKer$b A$01001307 801 0$bCu-RivES 801 1$bCu-RivES 801 2$bCu-RivES 801 2$bWaOLN 906 $aBOOK 912 $a996383766803316 996 $aStirling, 24 October, 1650. Ante-meridiem. A short warning, from the Commission of the Generall Assemblie; concerning the malignants now in arms$92382765 997 $aUNISA LEADER 01387nas 2200457- 450 001 996428951903316 005 20220729213020.0 035 $a(DE-599)ZDB2764759-6 035 $a(OCoLC)876516078 035 $a(CKB)9870000000000937 035 $a(CONSER)--2022221808 035 $a(EXLCZ)999870000000000937 100 $a20140409a19969999 --- - 101 0 $ahun 135 $aurmnu|||||||| 181 $ctxt$2rdacontent 182 $cc$2rdamedia 183 $acr$2rdacarrier 200 00$aKitaibelia 210 1$aDebrecen :$cA Debreceni Egyetem Természettudományi és Technológiai Kara 215 $a1 electronic resource 311 $a1219-9672 606 $aBotany$vPeriodicals 606 $aNature conservation$vPeriodicals 606 $aBotany$zHungary$vPeriodicals 606 $aNature conservation$zHungary$vPeriodicals 606 $aNature$xConservation$vPériodiques 606 $aNature$xConservation$zHongrie$vPériodiques 608 $aPeriodicals.$2fast 615 0$aBotany 615 0$aNature conservation 615 0$aBotany 615 0$aNature conservation 615 6$aNature$xConservation 615 6$aNature$xConservation 676 $a[E] 712 02$aDebreceni Egyetem.$bTermészettudományi és Technológiai Kar, 906 $aJOURNAL 912 $a996428951903316 996 $aKitaibelia$92288444 997 $aUNISA